| 000 | 00939nam a2200229 a 4500 | ||
|---|---|---|---|
| 001 | 000004786 | ||
| 005 | 20240405184613.0 | ||
| 008 | 090727s2001 dr 000 0 spa d | ||
| 040 |
_aDO-SdBNP _bspa _cBNPHU |
||
| 082 |
_a362.291 _bB324m |
||
| 100 | 1 |
_aBastardo, Deisy _913907 |
|
| 245 | 1 | 0 |
_aManual para la prevención del uso indebido de drogas en la comunidad / _cDeisy Bastardo, María del Carmen Genao ; presentación José Rodríguez Soldevilla. |
| 260 |
_aSanto Domingo : _bSecretaría de Estado de Salud Pública y Asistencia Social, _c2001. |
||
| 300 |
_a116 p. ; _c23 cm. |
||
| 490 | 1 |
_aBiblioteca de la salud mental _vv. 3 |
|
| 500 | _aIncluye datos biográficos de las autoras en la contracubierta | ||
| 650 | 4 |
_aAbuso de sustancias _xPrevención _913908 |
|
| 700 | 1 |
_aGenao, María del Carmen _91634 |
|
| 700 | 1 |
_aRodríguez Soldevilla, José _913909 |
|
| 830 | 0 |
_aBiblioteca de la salud mental _nno. 3 _913910 |
|
| 049 | _aBNPD | ||
| 999 |
_c4592 _d4592 |
||